| 000 | 00666nam a2200193 4500 | ||
|---|---|---|---|
| 005 | 20241009104816.0 | ||
| 010 | _aENG-141990 | ||
| 020 |
_c2250.00 _a9789788193205 |
||
| 035 | _aEN-125522 | ||
| 037 | _bDBAD | ||
| 082 |
_a709.593 _21 |
||
| 100 |
_aRao, Vinay Kumar _972489 |
||
| 245 |
_aBuddhist Sculptural Art of the Lower Krishna valley/ _cby Vinay Kumar Rao |
||
| 260 |
_aDelhi _bAgam Kala Prakashan _c2010 |
||
| 270 |
_a34, Central Market, Ashok Vihar _bDelhi _e110052 _magambook@gmail.com _k27212195 _k47098550 _lagambooks@gmail.com |
||
| 300 |
_axii,248p. _c28cm(hb) |
||
| 500 | _aincludes references index | ||
| 942 |
_2ddc _cEN _h709.593 _mRAO |
||
| 999 |
_c206183 _d206183 |
||